Riadenie procesov IT aplikovaním štandardizovaných prístupov diplomová práca

Enregistré dans:
Détails bibliographiques
Auteur principal: Dragošová, Bianka
Collectivité auteur: Fakulta podnikového manažmentu EU. Katedra informačného manažmentu
Autres auteurs: Romanová, Anita, 1973-
Format: Livre
Langue:slovaque
Publié: Bratislava 2023
Tags: Ajouter un tag
Pas de tags, Soyez le premier à ajouter un tag!

MARC

LEADER 00000nbm a2200000 4500
001 0293540
005 20240603082816.7
041 0 |a slo 
044 |a SK 
245 1 0 |a Riadenie procesov IT aplikovaním štandardizovaných prístupov  |b diplomová práca  |c Bianka Dragošová ; školiteľ: Anita Romanová 
264 1 |a Bratislava  |c 2023 
300 |a 81 s. 
100 1 |a Dragošová, Bianka 
700 1 |a Romanová, Anita, 1973- 
710 2 |a Fakulta podnikového manažmentu EU. Katedra informačného manažmentu